000 00870cam a22002651 4500
001 1697803
003 ARRUPE
005 20220517095607.0
008 740801s1966 nyu b 000 0 eng
010 _a 66028829
040 _aDLC
_cDLC
_dDLC
050 0 0 _aD1060
_b.C25
082 0 0 _a341.184
100 1 _aCamps, Miriam.
_951611
245 1 0 _aEuropean unification in the sixties;
_bfrom the veto to the crisis.
_cMiriam Camps
250 _a[1st ed.]
260 _aLondon
_bPublished for the Council on Foreign Relations by Oxford University Press
_c[1967]
300 _axii, 273 p.
_c22 cm.
440 4 _aThe Atlantic policy studies
_951612
504 _aBibliographical footnotes.
610 2 0 _aEuropean Economic Community.
_951613
650 0 _aEuropean federation.
_923515
906 _a7
_bcbc
_corignew
_du
_eocip
_f19
_gy-gencatlg
942 _2lcc
_cMONOGRAPH
999 _c131436
_d131436